000 00326nam a2200133Ia 4500
008 240624s9999 xx 000 0 und d
041 _aeng
082 _a823 ADA
100 _aADAMS DOUGLAS
245 _aHITCHHIKER S GUIDE TO THE GALAXY
260 _c2009
_aLondon
_bMacmillan
300 _a183 : p. : cm. ; 20
365 _cRS
999 _c21603
_d21603